| 000 | 00850nam a2200289 a 4500 | ||
|---|---|---|---|
| 001 | 31291 | ||
| 003 | BD-RjUL | ||
| 005 | 20211209051700.0 | ||
| 008 | 140415r19631922enk 001 0 eng d | ||
| 020 | _a0333059107 | ||
| 035 | _a(BD-RjUL)31378 | ||
| 040 |
_aDLC _beng _cDLC _dBD-RjUL |
||
| 041 | _aeng | ||
| 082 | 0 | 4 |
_a201.3 _bFRG 1963 _223 |
| 100 | 1 |
_aFrazer, James George, _d1854-1941. _995226 |
|
| 245 | 1 | 4 |
_aThe golden bough : _ba study in magic and religion / _cby James George Frazer. |
| 250 | _aAbridged ed. | ||
| 260 |
_aLondon : _bMacmillan, _c1922 [reprinted 1963]. |
||
| 300 |
_axiv, 756 p. : _bill. ; _c23 cm. |
||
| 500 | _aIncludes index. | ||
| 650 | 0 |
_aMythology. _995227 |
|
| 650 | 0 |
_aDiana (Roman deity) _995228 |
|
| 650 | 0 |
_aReligion. _995229 |
|
| 650 | 0 |
_aMagic. _995230 |
|
| 650 | 0 |
_aSuperstition. _995231 |
|
| 942 |
_2ddc _cBK _01 |
||
| 999 |
_c31291 _d31291 |
||